Cẩm nang nhà kinh doanh chứng khoán tại Việt Nam

Những vấn đề cơ bản về thị trường chứng khoán. Tham khảo luật pháp thị trường chứng khoán nước ngoài. Hàng hoá trên thị trường chứng khoán thế giới. Sự ra đời của thị trường chứng khoán Việt Nam. Trung tâm giao dịch chứng khoán....

詳細記述

保存先:
書誌詳細
第一著者: Bùi, Viết Thuyên
フォーマット: 図書
言語:Undetermined
出版事項: Hà Nội Khoa học và Kỹ thuật 2000
主題:
タグ: タグ追加
タグなし, このレコードへの初めてのタグを付けませんか!
Thư viện lưu trữ: Trung tâm Học liệu Trường Đại học Cần Thơ
LEADER 01100nam a2200217Ia 4500
001 CTU_39776
008 210402s9999 xx 000 0 und d
020 |c 42000 
082 |a 332.642 
082 |b Th527 
100 |a Bùi, Viết Thuyên 
245 0 |a Cẩm nang nhà kinh doanh chứng khoán tại Việt Nam 
245 0 |c Bùi Viết Thuyên 
260 |a Hà Nội 
260 |b Khoa học và Kỹ thuật 
260 |c 2000 
520 |a Những vấn đề cơ bản về thị trường chứng khoán. Tham khảo luật pháp thị trường chứng khoán nước ngoài. Hàng hoá trên thị trường chứng khoán thế giới. Sự ra đời của thị trường chứng khoán Việt Nam. Trung tâm giao dịch chứng khoán. 
650 |a Bank marketing,Banks and banking,Banks and banking,Investment banking,Securities,Security market,Stock exchanges 
650 |x Securities processing,Securities processing 
904 |i Minh 
980 |a Trung tâm Học liệu Trường Đại học Cần Thơ